Gala 9 OT2025 - Estadísticas

Estadísticas generales
  • Esta prueba ha sido intentada 39 veces
  • La puntuación promedio es 6 de 9
Estadísticas de respuestas
Imagen Hint Respuesta % Correcto
Claudia Arenas Latin Girl
94%
Cristina y Olivia Manchild
86%
Grupal Potra salvaje
77%
Guille Toledano Stars
71%
Tinho Beautiful things
66%
Guillo Rist Peregrino
60%
Téyou Súper vacío
57%
Lucía Casani Fue tan poco tu cariño
49%
Crespo Hold my hand
40%
No se encontraron pruebas coincidentes
Distribución de puntuación
Porcentaje de gente con cada puntuación
Porcentaje por número respondido
Historial de tus puntuaciones
No has intentado esta prueba.